Comuni Veneti con il nome di un Santo - Statistics

Statistiche generali
  • Questo quiz è stato fatto 42 volte
  • Il punteggio medio è 30 su 50
Statistiche sulle risposte
Prefisso Nome Suffisso Abitanti Provincia % Corretto
Santa Maria di Sala 17458 Venezia
93%
San Giovanni Ilarione 4858 Verona
89%
San Giovanni Lupatoto 25449 Verona
89%
Campo San Martino 5584 Padova
89%
San Martino di Lupari 13243 Padova
89%
San Martino di Venezze 3752 Rovigo
89%
San Martino di Buon Albergo 16616 Verona
89%
San Pietro di Cadore 1449 Belluno
89%
San Pietro in Gu 4122 Padova
89%
San Pietro Viminario 2978 Padova
89%
San Pietro di Feletto 5116 Treviso
89%
San Pietro di Morubio 3109 Verona
89%
San Pietro in Cariano 12942 Verona
89%
San Pietro Mussolino 1522 Vicenza
89%
Caerano di San Marco 7853 Treviso
85%
San Donà di Piave 41941 Venezia
74%
Colle Santa Lucia 340 Belluno
67%
Santa Lucia di Piave 9061 Treviso
67%
Boschi Sant' Anna Verona
63%
Sant' Anna d'Alfaedo 2644 Verona
63%
Santa Caterina d'Este 2330 Padova
63%
San Giorgio delle Pertiche 10105 Padova
63%
San Giorgio in Bosco 6634 Padova
63%
Santo Stefano di Cadore 2310 Belluno
63%
San Vito di Cadore 1925 Belluno
63%
San Vito di Leguzzano 3501 Vicenza
63%
San Stino di Livenza 12760 Venezia
59%
San Zeno di Montagna 1504 Verona
59%
San Biagio di Callalta 12573 Treviso
56%
Santa Giustina 6606 Belluno
56%
Santa Giustina in Colle 7152 Padova
56%
San Michele al Tagliamento 11431 Venezia
52%
San Nicolò di Comelico 374 Belluno
48%
Ponte San Nicolò 13156 Padova
48%
Sant' Angelo di Piove di Sacco 7267 Padova
44%
San Mauro di Saline 598 Verona
44%
Sant' Urbano 1898 Padova
44%
Godega di Sant' Urbano 5999 Treviso
44%
Sant' Ambrogio di Valpolicella 11886 Verona
41%
Cervarese Santa Croce 5533 Padova
33%
San Zenone degli Ezzelini 7265 Treviso
33%
Sant' Elena 2536 Padova
30%
San Polo di Piave 4859 Treviso
30%
San Bonifacio 21371 Verona
22%
San Fior 6869 Treviso
22%
San Gregorio nelle Alpi 1571 Belluno
22%
Megliadino San Vitale 1790 Padova
22%
San Tomaso Agordino 595 Belluno
19%
San Vendemiano 9701 Treviso
19%
San Bellino 1060 Rovigo
4%
Nessun quiz corrispondente trovato
Distribuzione punteggi
Percentuale di utenti per punteggio
Percentile per numero di risposta
I tuoi punteggi nel tempo
Non hai fatto questo quiz